=LDR 00000nam 2200000 4500 =001 INLIS000000000033925 =005 20130612135842 =008 ***********************************ind** =035 ##$$0010-061300000033925 =041 ##$$a ind =082 ##$$a 802 =090 ##$$a 802, Had h =100 ##$$a Hadi, Abdul =245 ##$$a Hermenedeutika sastra barat dan timur, Abdul hadi =260 ##$$a 2008 $b Jakarta =300 ##$$a ix,191 hlm, Ilus, 23 cm =650 ##$$a Sastra-Aneka Ragam =850 ##$$a NBPNMAT